[Event "Barcelona Sant Marti op-B 23rd"]
[Site "Barcelona"]
[Date "2023.07.18"]
[Round "6"]
[White "Mayurkumar Gandhi, Ram"]
[Black "Essakkal Martinez, Yassin"]
[Result "0-1"]
[WhiteElo "1326"]
[BlackElo "1317"]
[PlyCount "88"]
[EventDate "2023.07.13"]
[EventType "swiss"]
[EventRounds "9"]
[EventCountry "ESP"]
[SourceTitle "CBM 215 Extra"]
[Source "ChessBase"]
[SourceDate "2023.09.30"]
[SourceVersion "1"]
[SourceVersionDate "2023.09.30"]
[SourceQuality "1"]

1. d4 d5 2. Nc3 Nf6 3. Bg5 Bf5 4. Bxf6 exf6 5. Nf3 c6 6. e3 Bd6 7. Bd3 Bxd3 8. Qxd3 0-0 9. 0-0 Re8 10. e4 Na6 11. Rae1 Qc7 12. exd5 Nb4 13. Qd2 Nxd5 14. Nxd5 cxd5 15. Re2 Rxe2 16. Qxe2 Rc8 17. Rc1 Bf4 18. Re1 Bd6 19. c3 a5 20. a4 Qc6 21. Ra1 Re8 22. Qd3 Qc7 23. Re1 Bxh2+ 24. Kh1 Rxe1+ 25. Nxe1 Bd6 26. b4 axb4 27. cxb4 Bxb4 28. Nc2 Bd6 29. g3 Qd7 30. a5 Qc7 31. Qb5 Qxc2 32. Qxb7 Qd1+ 33. Kg2 Qxd4 34. a6 Bc5 35. Qa8+ Bf8 36. a7 Qe4+ 37. Kg1 Qe1+ 38. Kg2 Qe4+ 39. Kh2 Qe2 40. Qb8 Qxf2+ 41. Kh3 Qf1+ 42. Kh4 g5+ 43. Kg4 h5+ 44. Kxh5 Qh3# 0-1

[Event "Barcelona Sant Marti op-B 23rd"]
[Site "Barcelona"]
[Date "2023.07.15"]
[Round "3"]
[White "Mayurkumar Gandhi, Ram"]
[Black "Lopez Nunez, Alfonso"]
[Result "0-1"]
[WhiteElo "1326"]
[BlackElo "1529"]
[PlyCount "86"]
[EventDate "2023.07.13"]
[EventType "swiss"]
[EventRounds "9"]
[EventCountry "ESP"]
[SourceTitle "CBM 215 Extra"]
[Source "ChessBase"]
[SourceDate "2023.09.30"]
[SourceVersion "1"]
[SourceVersionDate "2023.09.30"]
[SourceQuality "1"]

1. d4 d5 2. Nc3 Nf6 3. Bg5 e6 4. Bxf6 Qxf6 5. e3 a6 6. Nf3 c5 7. Bd3 Nc6 8. Ne2 c4 9. Ne5 cxd3 10. Qxd3 Nxe5 11. dxe5 Qxe5 12. 0-0-0 Be7 13. Qd4 Qxd4 14. Rxd4 0-0 15. Nf4 e5 16. Rxd5 exf4 17. Rhd1 fxe3 18. fxe3 Be6 19. Rh5 Bg4 20. Rhd5 Bxd1 21. Rxd1 Rfd8 22. Rxd8+ Rxd8 23. c4 Bg5 24. Kc2 Bxe3 25. Kc3 Rd2 26. g3 Rxh2 27. Kd3 Bb6 28. Ke4 Rxb2 29. c5 Bxc5 30. Kd5 b6 31. Kc6 Rxa2 32. Kd7 Rg2 33. Ke8 Rxg3 34. Kd8 a5 35. Kc7 a4 36. Kc6 a3 37. Kb5 a2 38. Kc4 Bf8 39. Kb5 a1Q 40. Kc4 b5+ 41. Kxb5 Rc3 42. Kb6 Qb2+ 43. Ka5 Ra3# 0-1

[Event "Barcelona Sant Marti op-B 23rd"]
[Site "Barcelona"]
[Date "2023.07.13"]
[Round "1"]
[White "Mayurkumar Gandhi, Ram"]
[Black "Cabrera Marmol, Manel"]
[Result "0-1"]
[WhiteElo "1326"]
[BlackElo "1563"]
[PlyCount "78"]
[EventDate "2023.07.13"]
[EventType "swiss"]
[EventRounds "9"]
[EventCountry "ESP"]
[SourceTitle "CBM 215 Extra"]
[Source "ChessBase"]
[SourceDate "2023.09.30"]
[SourceVersion "1"]
[SourceVersionDate "2023.09.30"]
[SourceQuality "1"]

1. d4 d5 2. Nc3 Nf6 3. Nf3 Bf5 4. Bg5 e6 5. Bxf6 Qxf6 6. e3 Bb4 7. Bb5+ c6 8. Bd3 Nd7 9. Bxf5 Qxf5 10. a3 Ba5 11. 0-0 Bc7 12. Qd3 Qf6 13. Rae1 e5 14. dxe5 Nxe5 15. e4 Nxd3 16. cxd3 0-0-0 17. e5 Qf4 18. Ne2 Qh6 19. Ng3 Qg6 20. d4 h5 21. Nh4 Qg4 22. Ngf5 g6 23. Ne7+ Kb8 24. g3 Rde8 25. f3 Qxd4+ 26. Rf2 Rxe7 27. f4 Bb6 28. Ree2 Qd1+ 29. Kg2 Bxf2 30. Rxf2 d4 31. Nf3 d3 32. b3 Qxb3 33. a4 Rd7 34. a5 Rhd8 35. a6 d2 36. Nxd2 Rxd2 37. Rxd2 Rxd2+ 38. Kh3 Qe6+ 39. Kh4 Qg4# 0-1

[Event "Barcelona Sant Marti op 10th"]
[Site "Barcelona"]
[Date "2023.02.02"]
[Round "4"]
[White "Pascual Gonzalez, Novelles David"]
[Black "Mayurkumar Gandhi, Ram"]
[Result "1-0"]
[WhiteElo "1541"]
[BlackElo "1416"]
[PlyCount "147"]
[EventDate "2023.01.12"]
[EventType "swiss"]
[EventRounds "9"]
[EventCountry "ESP"]
[SourceTitle "CBM 213 Extra"]
[Source "ChessBase"]
[SourceDate "2023.05.31"]
[SourceVersion "1"]
[SourceVersionDate "2023.05.31"]
[SourceQuality "1"]

1. e4 e5 2. Nf3 Nc6 3. d4 d6 4. dxe5 dxe5 5. Qxd8+ Nxd8 6. Nxe5 Bb4+ 7. c3 Bd6 8. Nc4 Nf6 9. Nxd6+ cxd6 10. Bb5+ Nc6 11. 0-0 a6 12. Ba4 Nxe4 13. Re1 d5 14. f3 Bf5 15. Nd2 b5 16. Bb3 0-0 17. fxe4 dxe4 18. Nxe4 Rae8 19. Bc2 Re7 20. Nf6+ gxf6 21. Rxe7 Nxe7 22. Bxf5 Nxf5 23. Bf4 Re8 24. Kf2 Nh4 25. g3 Ng6 26. Bh6 Ne5 27. h3 Nd3+ 28. Kf3 Nxb2 29. g4 Nd3 30. a4 bxa4 31. Rxa4 Nc5 32. Ra5 Rc8 33. g5 fxg5 34. Bxg5 h6 35. Bxh6 Kh7 36. Bd2 Nd7 37. Rxa6 f6 38. Ra7 Rd8 39. Be3 Kg6 40. Bd4 Ne5+ 41. Bxe5 fxe5 42. Ke4 Kf6 43. h4 Rh8 44. Ra6+ Kf7 45. Kxe5 Rxh4 46. Rc6 Ke7 47. Rc7+ Kd8 48. Rc5 Rh5+ 49. Kd6 Rh6+ 50. Kd5 Kd7 51. Kc4 Kd6 52. Kb5 Rh3 53. Rc4 Rh5+ 54. Kb4 Kd5 55. Rc5+ Ke4 56. Rxh5 Kd3 57. Rh4 Ke3 58. Kc5 Kd3 59. Kd5 Kxc3 60. Rg4 Kb3 61. Kc5 Ka3 62. Kb5 Kb3 63. Rg3+ Kb2 64. Kc4 Ka2 65. Kb4 Kb2 66. Rg2+ Kc1 67. Kc3 Kd1 68. Kd3 Ke1 69. Ke3 Kd1 70. Rh2 Kc1 71. Kd3 Kb1 72. Kc3 Ka1 73. Kb3 Kb1 74. Rh1# 1-0

[Event "Barcelona Sant Marti op 10th"]
[Site "Barcelona"]
[Date "2023.01.19"]
[Round "2"]
[White "Daguro Dasalla, Armando"]
[Black "Mayurkumar Gandhi, Ram"]
[Result "1-0"]
[WhiteElo "1868"]
[BlackElo "1416"]
[PlyCount "65"]
[EventDate "2023.01.12"]
[EventType "swiss"]
[EventRounds "9"]
[EventCountry "ESP"]
[SourceTitle "CBM 213 Extra"]
[Source "ChessBase"]
[SourceDate "2023.05.31"]
[SourceVersion "1"]
[SourceVersionDate "2023.05.31"]
[SourceQuality "1"]

1. d4 d5 2. Nf3 Nc6 3. Bf4 Nf6 4. e3 e6 5. Nbd2 Bd6 6. Bg3 0-0 7. c4 dxc4 8. Bxc4 Bd7 9. Rc1 Nb4 10. a3 Nbd5 11. 0-0 b5 12. Ba2 b4 13. e4 Nf4 14. e5 Nd3 15. Rb1 Ng4 16. exd6 cxd6 17. Nc4 d5 18. Nce5 Ndxe5 19. Nxe5 Bb5 20. Nxg4 Bxf1 21. Qxf1 Rb8 22. Bxb8 Qxb8 23. Rc1 b3 24. Bb1 f5 25. Ne5 f4 26. Nd7 Qd8 27. Nxf8 Qxf8 28. Qe2 h5 29. Qxe6+ Kh8 30. Rc8 g6 31. Rxf8+ Kg7 32. Qg8+ Kh6 33. Qxg6# 1-0